000 00487nam a2200193 a 4500
005 20140310183428.0
008 071219s19uu xx uuu eng d
020 _a9780826486646
050 _aLB 1027.4
_b.B98 2006
100 _aButt, Graham
245 _aLesson planning /
_cGraham Butt.
250 _a2nd ed.
260 _aLondon :
_bContinuum,
_c2006.
300 _a140 p. :
_c20 cm.
521 _aEDU
650 _aLesson planning.
942 _cBK
_2lcc
_kFOR
999 _c22683
_d22683